000 00854cab a2200217 4500
001 ABS44205
008 090401t1991 xxu||||| |||| 00| 0 eng d
035 _a(Sirsi) u45815
041 _aeng
100 _aChilds, D.
245 _aPanelisation systems for external walls
260 _c1991
350 _a0
490 _aChartered Builder
_v3 (2) March 1991, 20-21 (2)
520 _aDescribes a panelisation system pioneered by Outsulation in the USA recently introduced into the UK by Dryvit Systems (UK) Ltd for cladding and insulating external walls . First major UK application at an atrium building at Belasis Business Centre, Stockton-on-Tees.
650 _aBUILT ENVIRONMENT-BUILDING MAINTENANCE AND REFURBISHMENT
650 _aTHERMAL INSULATION
690 _aBUILT ENVIRONMENT-BUILDING MATERIALS
942 _n0
948 _c04/03/1997
999 _c28987
_d28987